Experience and education

Αποθηκεύτηκε σε:
Λεπτομέρειες βιβλιογραφικής εγγραφής
Κύριος συγγραφέας: Dewey, John, 1859-1952
Μορφή: Βιβλίο
Γλώσσα:English
Δημοσίευση: New York : Touchstone Book, 1997.
Σειρά:Kappa Delta Pi lecture series
Θέματα:
Ετικέτες: Προσθήκη ετικέτας
Δεν υπάρχουν, Καταχωρήστε ετικέτα πρώτοι!

MARC

LEADER 00000cam a2200000 i 4500
001 1/79391
008 990504s1997 nyu| ||| |||| ||eng||
020 |a 0684838281 
035 |l 10050374 
040 |a GR-MyUa  |b gre  |e AACR2 
041 0 |a eng 
082 7 |a 370.1   |2 (22) 
100 1 |a Dewey, John,   |d 1859-1952. 
245 1 0 |a Experience and education /   |c John Dewey. 
260 |a New York :   |b Touchstone Book,   |c 1997. 
300 |a 91 σ. ;   |c 16 εκ. 
490 1 |a (Kappa Delta Pi lecture series) 
650 0 |a Education  |x Philosophy. 
650 0 |a Education, Humanistic. 
767 0 8 |i Μεταφρασμένο ως:   |t Εμπειρία και εκπαίδευση :  
830 0 |a Kappa Delta Pi lecture series 
852 |a INST  |b RHODES  |e 19990504  |h 370.1 DEW  |p 005400015341  |q 005400015341  |t BK  |y 0 
901 |a BIBL-1999-1 
922 |a 4ΕΛΗ  |b 199903